000 00958nam a2200277Ia 4500
003 OSt
005 20220926022244.0
006 a|||||r|||| 00| 0
007 ta
008 220923b |||||||| |||| 00| 0 eng d
020 _a9789211171341
037 _cGeneral Book
040 _aRTL
_cRTL
_beng
041 _2eng
_aeng
082 _aX:54.59F, Q7/UN
100 _aUNITED NATIONS ECONOMIC COMMISSION FOR EUROPE
110 _aUNITED NATIONS ECONOMIC COMMISSION FOR EUROPE
245 0 _aRegulatory and procedural barriers to trade in the republic of Moldova
_b Needs assessment
260 _aNew York
_bUnited Nations
_c2017
300 _a194p
_ccm.
490 _aRoutledge Frontiers of Political Economy
500 _aBibliography: p 148-61
700 _aUNITED NATIONS ECONOMIC COMMISSION FOR EUROPE
942 _hX:54.59F, Q7/UN
_cGB
_2CC
999 _c639027
_d639027